1269 1888 1308 1812 1514 1120 1776 1544 1123 1380 1852 1112 1285 1393 1917 1120 1264 1966 1096 1202 1539 1011 1388 1692 1560 1358 1100 1720 1576 1066 1513 1678 1195 1350 1421 1902 1876 1275 1468 1777 1040 1439 1605 1527 1271 1672 1780 1562 1994 1266 1464 1375 1080 1604 1619 1577 1515 1800 1175 1299 1920 1231 1321 1674 1704 1729 1107 1508 1755 1737 1493 1032 1331 1127 1159 1953 1399 1778 1977 1034 1391 1849 1868 1687 1470 1997 1739 1972 1862 1576 1527 1098 1712 1646 1327 1369 1444 1217 1574 BCNSPRNW ULIB Ver.6.0+V

เปลี่ยนเป็นภาษาไทย

Change to English
 แสดงรายละเอียดบรรณานุกรม
  กลับหน้าหลัก

Brief Record : Get Marc (ISO 2709) : E-mail record : QR code < ปิดหน้าต่าง
LEADER : 00000nam 2200000uu 4500
001    13399111520
003     ULIB
008    110629s||||||||th 000 0 tha d
020    9786160000005
050  4 BQ4435^bท485ป 2552
100 0  ทิพากร รินไธสงค์
245 10 เปิดบุญ ปลดกรรมทำให้รวย /^cว.วชิรเมธี
250    พิมพ์ครั้งที่ 1
260    กรุงเทพฯ :^bสถาพรบุ๊คส์,^c2552
300    166 หน้า :^bภาพประกอบ
650  7 ทำบุญ
650  7 ปลดกรรม
945    ^p120^l0^i027471
995    ทศพร
999 ^a ใช้งานได้ทุกระบบ
รายการนี้ยังไม่มีแท็ก
คุณยังไม่ได้ล็อกอิน คุณสามารถมีกิจกรรมร่วมกับเว็บไซต์ได้ แต่ต้องล็อกอินก่อน ::
  ล็อกอิน

รายการสื่อสารสนเทศ

ลำดับที่ ประเภท เลขเรียก/บาร์โค้ด สถานที่ สถานะ
- ไม่พบข้อมูล -

รายการใกล้เคียง
    หัวเรื่อง [ทำบุญ]

BibComment


ยังไม่เคยถูกคอมเมนท์

คอมเมนท์ทรัพยากรรายการนี้
  คอมเมนท์: เปิดบุญ ปลดกรรมทำ..


 Copyright 2026. Bcnsprnw @Library